Matematika (krok za krokom na EU)
Salvato in:
| Autore principale: | |
|---|---|
| Ente Autore: | |
| Altri autori: | , , |
| Natura: | Libro |
| Lingua: | slovacco |
| Pubblicazione: |
Bratislava
Vydavateľstvo EKONÓM
2005
|
| Soggetti: | |
| Tags: |
Nessun Tag, puoi essere il primo ad aggiungerne!!
|
MARC
| LEADER | 00000nam$a2200000$$$4500 | ||
|---|---|---|---|
| 001 | 0025479 | ||
| 005 | 20250905120648.3 | ||
| 020 | |a 80-225-1937-5 | ||
| 041 | 0 | |a slo | |
| 044 | |a SK | ||
| 245 | 1 | 0 | |a Matematika |b (krok za krokom na EU) |c František Peller ... [et al.] |
| 264 | 1 | |a Bratislava |b Vydavateľstvo EKONÓM |c 2005 | |
| 300 | |a 336 s. | ||
| 610 | 2 | 0 | |a matematika |
| 610 | 2 | 0 | |a štúdium vysokoškolské |
| 610 | 2 | 0 | |a skúšky prijímacie |
| 100 | 1 | |a Peller, František | |
| 700 | 1 | |a Šáner, Viliam | |
| 700 | 1 | |a Eliáš, Jozef | |
| 700 | 1 | |a Pinda, Ľudovít, 1958- | |
| 710 | 2 | |a Ekonomická univerzita v Bratislave | |